000 00826nam a2200253Ia 4500
999 _c44311
_d44311
001 11069
003 GE_BSU
005 20221117110814.0
008 181216s2014en xx |||||||||||||| ||eng||
020 _a9780133050691 x
040 _cGE_BSU
041 _aeng
080 _a658.4 L 39
100 _aLaudon,Kenneth,C.
_915875
245 _aManagement Information Systems :
_bMANAGING THE DIGITAL FIRM /
_cKenneth, C; Laudon; Jane P. Laudon.
250 _a13th edition.
264 _aBoston :
_bPearson.
_c2014.
300 _a559 p :.
_bill;
_c28cm.
653 _aManagement Information Systems.
653 _aᲛართვის საინფორმაციო სისტემები.
653 _aტემპუსის პროექტით
700 _aLaudon, Jane P.
_915876
942 _cBK
_2udc